Neptune (Record no. 755233)
[ view plain ]
| 000 -LEADER | |
|---|---|
| fixed length control field | 00461nam a22001697a 4500 |
| 005 - DATE AND TIME OF LATEST TRANSACTION | |
| control field | 20230711135939.0 |
| 008 - FIXED-LENGTH DATA ELEMENTS--GENERAL INFORMATION | |
| fixed length control field | 230711b sa ||||j |||| 00| 0 eng d |
| 020 ## - INTERNATIONAL STANDARD BOOK NUMBER | |
| International Standard Book Number | <a href="9780439888844">9780439888844</a> |
| Qualifying information | (pbk) |
| 040 ## - CATALOGING SOURCE | |
| Original cataloging agency | RDA |
| Transcribing agency | 3228 |
| 082 ## - DEWEY DECIMAL CLASSIFICATION NUMBER | |
| Classification number | NF J 523.481 CHRI |
| 942 ## - ADDED ENTRY ELEMENTS | |
| Creator ID | 245 |
| Creator Name | Izakina Blanche |
| Modifier ID | 245 |
| Modifier Name | Izakina Blanche |
| 100 ## - MAIN ENTRY--PERSONAL NAME | |
| Personal name | Chrismer, Melanie |
| 245 ## - TITLE STATEMENT | |
| Title | Neptune |
| Statement of responsibility, etc. | Melanie Chrismer |
| 260 ## - PUBLICATION, DISTRIBUTION, ETC. | |
| Place of publication, distribution, etc. | New York |
| Name of publisher, distributor, etc. | Children's Press |
| Date of publication, distribution, etc. | 2006 |
| 300 ## - PHYSICAL DESCRIPTION | |
| Extent | 24 pages |
| Dimensions | 20 cm. |
| 490 ## - SERIES STATEMENT | |
| Materials specified | Books |
| Series statement | Space Science |
| 942 ## - ADDED ENTRY ELEMENTS | |
| Source of classification or shelving scheme | Dewey Decimal Classification |
| item type | Books |
| Withdrawn status | Lost status | Source of classification or shelving scheme | Damaged status | Not for loan | Home library | Current library | Date acquired | Full call number | Barcode | Date last seen | Price effective from | item type | Collection code | Shelving location | Total Checkouts |
|---|---|---|---|---|---|---|---|---|---|---|---|---|---|---|---|
| Dewey Decimal Classification | Middelburg Regional Library | Jeremiah Madonsela Public Library | 11.07.2023 | NF J 523.481 CHRI | 33228016778944 | 11.07.2023 | 11.07.2023 | Books | |||||||
| Dewey Decimal Classification | MAPHOTLA | MAPHOTLA | 24.11.2025 | J 523.481 CHRI | 33228031090715 | 24.11.2025 | 24.11.2025 | Books | 500: Science | Non Fiction | |||||
| Dewey Decimal Classification | KWAMHLANGA REGIONAL LIBRARY | THEMBISILE HANI Public Library 24 | 05.02.2026 | J 523.481 CHRI | 3322830001994 | 05.02.2026 | 05.02.2026 | Books | 500: Science | Non Fiction | |||||
| Dewey Decimal Classification | KWAMHLANGA REGIONAL LIBRARY | THEMBISILE HANI Public Library 24 | 05.02.2026 | J 523.481 CHRI | 3322830001988 | 05.02.2026 | 05.02.2026 | Books | 500: Science | Non Fiction |